000 00341nam a2200145Ia 4500
008 191201s2005 xx 000 0 und d
082 _a510
_bSAI
100 _aSASTRY, S S
245 0 _aIntroductory Methods of Numerical Analysis
250 _a4th
260 _aN.Delhi
_bPHI
_c2005
300 _a440
650 _aApplied
942 _2ddc
_cBK
999 _c1902
_d1902